000 03637ngm a2200673M 4500
001 on1022899344
003 OCoLC
005 20251218121050.0
008 180212s2017 cau--- vleng d
024 1 _a032429277787
024 1 _a032429277794
028 4 2 _a59189786000
028 4 2 _a2078207
_bParamount Home Entertainment
028 4 2 _bParamount Home Entertainment
035 _a(OCoLC)1022899344
040 _aKB8
_beng
_erda
_cKB8
_dKB8
_dUINTA
049 _aUCLB
050 4 _aPN1992.77
_b.B855 2017
082 0 4 _a791.45/75
_223
092 _bDVD
245 0 0 _aBull. Season 1
264 2 _aHollywood, California :
_bParamount Home Entertainment, CBS Television Studios.
_c2017.
300 _a6 videodiscs (approximately 974 min.) :
_bsound, color ;
_c4 3/4 in.
336 _atwo-dimensional moving image
337 _avideo
338 _avideodisc
500 _aCreated by Paul Attanasio & Phillip C. McGraw.
500 _aOriginally broadcast on television in 2016-2017.
500 _aSpecial features: Launch promos ; season one featurette ; "See you in court" ; featurette on Michael Weatherly ; gag reel ; deleted scenes.
505 0 _aDisc 1. The necklace -- The woman in 8D -- Unambiguous -- Callisto -- disc 2. Just tell the truth -- Bedside manner -- Never saw the sign -- Too perfect -- disc 3. Light my fire -- E.J. -- Teacher's pet -- Stockholm syndrome -- disc 4. The fall -- It's classified -- What's your number? -- Free fall -- disc 5. Name game -- Dressed to kill -- Bring it on -- Make me -- disc 6. How to dodge a bullet -- Dirty little secrets -- Benevolent deception.
508 _aWriters include Paul Attanasio, Phillip C. McGraw ; directors include Brad Turner ; music by Jeff Russo.
511 1 _aMichael Weatherly, Freddy Rodriguez, Geneva Carr, Jaime Lee Kirchner, Annabelle Attanasio, Christopher Jackson ; guest stars include Dena Tyler, Trieste Kelly Dunn, Tiffany Villarin, Sarah Steele, Jill Flint, Yara Martinez, Holly Curran, Toby Leonard Moore, Frank Whaley, Paulina Porizkova, J. Alexander, Simon Doonan, Jessica Perez, Isaiah Washington, Brendan Dooling, Eliza Dushku, Parker Stevenson, Dan Shor, Lawrence Ballard, Armando Riesco, Annabella Sciorra.
520 _aBrilliant, brash, and charming, Dr. Bull is the ultimate puppet master as he combines psychology, human intuition, and high-tech data to learn what makes jurors, attorneys, witnesses, and the accused tick.
521 8 _aRating: Not rated.
538 _aDVD, region 1, widescreen (16:9) presentation; Dolby digital 5.1, Dolby digital stereo.
546 _aIn English with optional English subtitles; closed-captioned.
650 0 _aConsulting firms
_vDrama.
_95799524
650 0 _aDVD.
655 4 _aLegal television programs.
_95740072
655 4 _aFiction television programs.
_95673656
655 4 _aVideo recordings for the hearing impaired.
655 7 _aTelevision series.
_2lcgft
700 1 _aWeatherly, Michael,
_96169366
700 1 _aAttanasio, Paul,
_96557781
700 1 _aMcGraw, Phillip C.,
_96557782
700 1 _aRodriguez, Freddy,
_96557783
700 1 _aCarr, Geneva.
_96386798
700 1 _aKirchner, Jaime Lee,
_96557784
700 1 _aAttanasio, Annabelle.
_96370208
700 1 _aJackson, Christopher
_c(Vocalist)
_95906097
700 1 _d1981-
700 1 _d1975-
_95905058
700 1 _d1950-
_96557785
700 1 _d1959-
_96557786
700 1 _d1968-
_eactor.
_95986358
710 2 _aParamount Home Entertainment (Firm)
_972161
710 2 _aCBS Studios Inc.
_epublisher.
_95712525
942 _2ddc
_cDVD
999 _c233171
_d233171